[Event "Catalunya-chT Gp2"]
[Site "Barcelona"]
[Date "2022.03.19"]
[Round "9.5"]
[White "Escobar Felix, Eduardo"]
[Black "Bruned Segura, Mario"]
[Result "0-1"]
[WhiteElo "2032"]
[BlackElo "2084"]
[PlyCount "142"]
[EventDate "2022.01.22"]
[EventType "team-tourn"]
[EventRounds "9"]
[EventCountry "ESP"]
[SourceTitle "CBM 208 Extra"]
[Source "ChessBase"]
[SourceDate "2022.07.31"]
[SourceVersion "1"]
[SourceVersionDate "2022.07.31"]
[SourceQuality "1"]
[WhiteTeam "Salauris"]
[BlackTeam "Lleida"]
[WhiteTeamCountry "ESP"]
[BlackTeamCountry "ESP"]

1. e4 e5 2. Nf3 Nf6 3. Nxe5 d6 4. Nf3 Nxe4 5. d3 Nf6 6. Nc3 Nc6 7. Be2 Be7 8. h3 d5 9. Bf4 a6 10. a3 d4 11. Ne4 Nd5 12. Bh2 f5 13. Ned2 Bd6 14. Bxd6 Qxd6 15. Nc4 Qf6 16. Qd2 0-0 17. 0-0-0 b5 18. Na5 Nxa5 19. Qxa5 c5 20. Nd2 Qd6 21. Bf3 Be6 22. Rde1 Rab8 23. g3 Rfe8 24. Re2 Bf7 25. Rhe1 Rxe2 26. Rxe2 Nf6 27. Re1 Bd5 28. Bd1 Qc6 29. Re7 Nd7 30. Nb1 Kf8 31. Qe1 Qd6 32. Re2 Bf3 33. Re6 Qd5 34. Bxf3 Qxf3 35. Re7 Qd5 36. Qe6 Qxe6 37. Rxe6 Re8 38. Rxe8+ Kxe8 39. Kd2 Ke7 40. Ke2 Ne5 41. f4 Nc6 42. Nd2 h6 43. Nf3 Ke6 44. Kd2 a5 45. b3 Kd5 46. a4 bxa4 47. bxa4 Nd8 48. Ne5 g5 49. Nc4 gxf4 50. g4 fxg4 51. hxg4 Nc6 52. Ke2 Nb4 53. Nxa5 Nxc2 54. Nb3 Nb4 55. Nc1 Kc6 56. Kf3 Nd5 57. Ke4 Nc3+ 58. Kxf4 Nxa4 59. Kf5 Nb2 60. Kg6 Nxd3 61. Nxd3 c4 62. Nf2 c3 63. Kxh6 Kd5 64. Nd3 Kc4 65. Nf4 d3 66. g5 d2 67. Ng2 Kd3 68. Nf4+ Kc2 69. Nd5 Kd3 70. Nb4+ Ke4 71. Na2 c2 0-1

[Event "Catalunya-chT Gp2"]
[Site "Barcelona"]
[Date "2022.03.05"]
[Round "7.7"]
[White "Escobar Felix, Eduardo"]
[Black "Cuadras Avellana, Jordi"]
[Result "1/2-1/2"]
[WhiteElo "2032"]
[BlackElo "2203"]
[PlyCount "169"]
[EventDate "2022.01.22"]
[EventType "team-tourn"]
[EventRounds "9"]
[EventCountry "ESP"]
[SourceTitle "CBM 208 Extra"]
[Source "ChessBase"]
[SourceDate "2022.07.31"]
[SourceVersion "1"]
[SourceVersionDate "2022.07.31"]
[SourceQuality "1"]
[WhiteTeam "Salauris"]
[BlackTeam "Platja D'Aro"]
[WhiteTeamCountry "ESP"]
[BlackTeamCountry "ESP"]

1. e4 c6 2. d4 d5 3. e5 Bf5 4. Nf3 e6 5. Be2 Ne7 6. 0-0 h6 7. Nbd2 Nd7 8. Nb3 Bh7 9. Ne1 c5 10. c3 cxd4 11. cxd4 Nc6 12. Bd3 Bxd3 13. Nxd3 Qb6 14. Be3 h5 15. Nbc5 Nxc5 16. dxc5 Qc7 17. b4 d4 18. Bf4 g6 19. b5 Ne7 20. Qa4 Bg7 21. Qxd4 Rd8 22. Qc4 Nf5 23. Rac1 0-0 24. c6 bxc6 25. bxc6 Rd4 26. Qc3 Rxf4 27. Nxf4 Bxe5 28. Nxe6 fxe6 29. Qc4 Bxh2+ 30. Kh1 Bd6 31. Rb1 Qe7 32. Rfe1 Ng7 33. Rb7 Bc7 34. Rd1 Rd8 35. Rd7 Rxd7 36. cxd7 Bd8 37. Qc8 e5 38. Rxa7 Kf7 39. Qc4+ Ne6 40. Qd5 Qh4+ 41. Kg1 Qd4 42. Qf3+ Kg7 43. Qe3 Qxe3 44. fxe3 Kf7 45. Rb7 Ke7 46. Kf2 Kd6 47. Rb8 Kxd7 48. a4 Nc5 49. Rb5 Kc6 50. Rb8 Bc7 51. Rg8 g5 52. Kf1 g4 53. Rg5 Nxa4 54. Rxh5 Nc3 55. Rh4 Nd5 56. e4 Nf6 57. Ke2 Kd7 58. Kd3 Ke6 59. Rh8 Bd6 60. Ra8 Kf7 61. Ra6 Be7 62. Ra7 Nh5 63. Ra2 Nf4+ 64. Kc4 Bf6 65. g3 Nh5 66. Kd5 Bg7 67. Ra3 Kf6 68. Kd6 Kg6 69. Kd5 Kg5 70. Ra7 Bf6 71. Ra3 Kg6 72. Rb3 Bg7 73. Rb6+ Kg5 74. Rb3 Bf6 75. Ra3 Bd8 76. Ra8 Nf6+ 77. Kxe5 Bc7+ 78. Kd4 Bxg3 79. Ra5+ Kg6 80. e5 Bf2+ 81. Kd3 Nh7 82. Ra6+ Kf5 83. Ra2 Bg3 84. e6 Kxe6 85. Rg2 1/2-1/2

[Event "Catalunya-chT Gp2"]
[Site "Barcelona"]
[Date "2022.02.19"]
[Round "5.8"]
[White "Ayas Fernandez, Antonio"]
[Black "Escobar Felix, Eduardo"]
[Result "1/2-1/2"]
[WhiteElo "2214"]
[BlackElo "2032"]
[PlyCount "104"]
[EventDate "2022.01.22"]
[EventType "team-tourn"]
[EventRounds "9"]
[EventCountry "ESP"]
[SourceTitle "CBM 208 Extra"]
[Source "ChessBase"]
[SourceDate "2022.07.31"]
[SourceVersion "1"]
[SourceVersionDate "2022.07.31"]
[SourceQuality "1"]
[WhiteTeam "Colon Sabadell"]
[BlackTeam "Salauris"]
[WhiteTeamCountry "ESP"]
[BlackTeamCountry "ESP"]

1. c4 Nf6 2. Nc3 c5 3. g3 Nc6 4. Bg2 g6 5. e4 d6 6. Nge2 e5 7. d3 h6 8. h3 Be6 9. Be3 Nd4 10. Qd2 Qd7 11. Nd5 Nxd5 12. cxd5 Bxh3 13. Bxh3 Nf3+ 14. Kd1 Qa4+ 15. Qc2 Qa6 16. Bg4 Nd4 17. Nxd4 cxd4 18. Bd2 h5 19. Bh3 Be7 20. Ke2 0-0 21. Qc4 Qb6 22. Qb4 Qa6 23. a4 f5 24. Qb5 fxe4 25. dxe4 d3+ 26. Kxd3 Rxf2 27. Rhf1 Raf8 28. Rxf2 Rxf2 29. Rf1 Qxb5+ 30. axb5 Rxf1 31. Bxf1 b6 32. Be2 Kg7 33. Kc2 Bd8 34. Kd1 Be7 35. Ke1 Bd8 36. Kf2 Be7 37. Kg2 Bd8 38. Kh3 Be7 39. g4 h4 40. g5 Bf8 41. Bg4 Be7 42. Bd7 Bf8 43. Be8 Be7 44. Kxh4 Bf8 45. Kg4 Be7 46. Be3 Bd8 47. Bd7 Be7 48. Bf5 Bf8 49. Bd2 Be7 50. Bc3 Bf8 51. b3 Be7 52. Bb4 Bf8 1/2-1/2

[Event "Catalunya-chT Gp2"]
[Site "Barcelona"]
[Date "2022.02.12"]
[Round "4.9"]
[White "Lasanta Rica, Cesar"]
[Black "Escobar Felix, Eduardo"]
[Result "1-0"]
[WhiteElo "2139"]
[BlackElo "2032"]
[PlyCount "75"]
[EventDate "2022.01.22"]
[EventType "team-tourn"]
[EventRounds "9"]
[EventCountry "ESP"]
[SourceTitle "CBM 208 Extra"]
[Source "ChessBase"]
[SourceDate "2022.07.31"]
[SourceVersion "1"]
[SourceVersionDate "2022.07.31"]
[SourceQuality "1"]
[WhiteTeam "Colon Ateneu"]
[BlackTeam "Salauris"]
[WhiteTeamCountry "ESP"]
[BlackTeamCountry "ESP"]

1. d4 Nf6 2. Nf3 e6 3. g3 c5 4. Bg2 Nc6 5. 0-0 d5 6. c4 dxc4 7. dxc5 Qxd1 8. Rxd1 Bxc5 9. Nbd2 c3 10. bxc3 e5 11. Nc4 Ng4 12. e3 f6 13. Nd6+ Ke7 14. Ne4 Bb6 15. Ba3+ Ke6 16. Bh3 h5 17. Nh4 Kf7 18. Nd6+ Kg8 19. Bg2 g5 20. Bd5+ Kh7 21. Be4+ Kg8 22. Nhf5 Bxf5 23. Bxf5 Nd8 24. Be4 h4 25. Nxb7 hxg3 26. hxg3 Nxb7 27. Bxb7 Rd8 28. Rxd8+ Bxd8 29. Rd1 Bb6 30. Rd7 Rh2 31. Bg2 Rh7 32. Bd5+ Kh8 33. Rxh7+ Kxh7 34. Bd6 f5 35. c4 f4 36. c5 fxg3 37. c6 gxf2+ 38. Kf1 1-0

[Event "Extremadura-chT"]
[Site "Spain"]
[Date "2009.03.21"]
[Round "9.1"]
[White "Perez Candelario, Manuel"]
[Black "Escobar Felix, Eduardo"]
[Result "1-0"]
[WhiteElo "2513"]
[BlackElo "2148"]
[PlyCount "73"]
[EventDate "2009.01.17"]
[EventType "team-swiss"]
[EventRounds "9"]
[EventCountry "ESP"]
[SourceTitle "EXT 2011"]
[Source "ChessBase"]
[SourceDate "2010.11.26"]
[SourceVersion "1"]
[SourceVersionDate "2010.11.26"]
[SourceQuality "1"]
[WhiteTeam "Extremadura Magic"]
[BlackTeam "Merida Patrimonio"]
[WhiteTeamCountry "ESP"]
[BlackTeamCountry "ESP"]

1. e4 c5 2. Nf3 g6 3. d4 cxd4 4. Nxd4 Bg7 5. c4 Nc6 6. Nc2 d6 7. Be2 f5 8. exf5 Bxf5 9. Ne3 Be6 10. 0-0 Nh6 11. Bf3 0-0 12. Bd5 Bf7 13. Nc3 Kh8 14. Bd2 e6 15. Be4 Nf5 16. Rc1 Qd7 17. b3 Rad8 18. Bb1 Nfe7 19. Ne4 d5 20. cxd5 exd5 21. Nc5 Qc8 22. Ng4 b6 23. Nd3 Be6 24. Nge5 Bd7 25. Bg5 Bf6 26. Bh6 Bg7 27. Bxg7+ Kxg7 28. Nb4 Qb7 29. Nexc6 Bxc6 30. Qd4+ Kg8 31. Rfe1 Be8 32. Qe5 Rd7 33. Bd3 Nf5 34. Bxf5 gxf5 35. Nc6 Rg7 36. Ne7+ Kh8 37. Rc7 1-0

[Event "Extremadura-chT"]
[Site "Spain"]
[Date "2008.01.19"]
[Round "1.3"]
[White "Lozano Dorado, Juan Carlos"]
[Black "Escobar Felix, Eduardo"]
[Result "0-1"]
[WhiteElo "1817"]
[BlackElo "2141"]
[PlyCount "84"]
[EventDate "2008.01.19"]
[EventType "team-swiss"]
[EventRounds "9"]
[EventCountry "ESP"]
[SourceTitle "EXT 2011"]
[Source "ChessBase"]
[SourceDate "2010.11.26"]
[SourceVersion "1"]
[SourceVersionDate "2010.11.26"]
[SourceQuality "1"]
[WhiteTeam "Tierra de Barros"]
[BlackTeam "Merida Patrimonio"]
[WhiteTeamCountry "ESP"]
[BlackTeamCountry "ESP"]

1. d4 d5 2. c4 c6 3. Nc3 e6 4. e3 Nf6 5. Nf3 Nbd7 6. Bd3 Bd6 7. 0-0 0-0 8. c5 Bc7 9. e4 dxe4 10. Nxe4 Nxe4 11. Bxe4 h6 12. a3 e5 13. b4 exd4 14. Bb2 Nf6 15. Bc2 Bg4 16. Qd3 Bxf3 17. Qxf3 Be5 18. Qd3 Qc7 19. f4 Bxf4 20. g3 Be3+ 21. Kg2 Rfe8 22. Rxf6 gxf6 23. Rf1 Qe5 24. Qh7+ Kf8 25. Rf5 Qe6 26. Bb3 Qxb3 27. Qh8+ Ke7 28. Qxf6+ Kd7 29. Bxd4 Qe6 30. Qxf7+ Qxf7 31. Rxf7+ Ke6 32. Rf6+ Ke7 33. Bc3 Rf8 34. Rg6 Rf7 35. Rg4 Re8 36. Be5 Kd7 37. Bd6 Bc1 38. a4 Re2+ 39. Kh3 h5 40. Rg6 Rff2 41. Rg7+ Ke6 42. Re7+ Kd5 0-1

[Event "Extremadura-ch"]
[Site "Badajoz"]
[Date "2007.06.10"]
[Round "7"]
[White "Hernandez Jimenez, Ana Maria"]
[Black "Escobar Felix, Eduardo"]
[Result "0-1"]
[WhiteElo "1881"]
[BlackElo "2142"]
[PlyCount "77"]
[EventDate "2007.06.02"]
[EventType "swiss"]
[EventRounds "7"]
[EventCountry "ESP"]
[SourceTitle "EXT 2008"]
[Source "ChessBase"]
[SourceDate "2007.11.25"]
[SourceVersion "1"]
[SourceVersionDate "2007.11.25"]
[SourceQuality "1"]

1. e4 d6 2. d4 c6 3. Nc3 Nf6 4. f4 e5 5. dxe5 dxe5 6. Qxd8+ Kxd8 7. fxe5 Ng4 8. Bg5+ Ke8 9. 0-0-0 Nd7 10. Bc4 h6 11. Bh4 Ne3 12. e6 fxe6 13. Bxe6 Nxd1 14. Kxd1 Ne5 15. Bb3 Be7 16. Bg3 Bf6 17. Nf3 Nxf3 18. gxf3 Bxc3 19. bxc3 Ke7 20. Ke2 Be6 21. f4 a5 22. a4 Bxb3 23. cxb3 g6 24. Rg1 Rhg8 25. Ke3 Ke6 26. Bh4 Raf8 27. Rd1 Rf7 28. Rf1 Rgf8 29. h3 Rd7 30. Rg1 Kf7 31. Bg3 Rfd8 32. Be1 Rd3+ 33. Ke2 Rxh3 34. Bg3 h5 35. e5 h4 36. Bf2 Rdd3 37. Bxh4 Rxc3 38. Bd8 Rh2+ 39. Kd1 0-1

[Event "Calvia Autonomicas-chT"]
[Site "Calvia"]
[Date "2007.05.05"]
[Round "5"]
[White "Andres Gonzalez, Ivan"]
[Black "Escobar Felix, Eduardo"]
[Result "1-0"]
[WhiteElo "2372"]
[BlackElo "2142"]
[PlyCount "129"]
[EventDate "2007.05.03"]
[EventType "team-tourn"]
[EventRounds "5"]
[EventCountry "ESP"]
[SourceTitle "CBM 118 Extra"]
[Source "ChessBase"]
[SourceDate "2007.07.04"]
[SourceVersion "1"]
[SourceVersionDate "2007.07.04"]
[SourceQuality "1"]

1. e4 c5 2. Nc3 Nc6 3. Bb5 g6 4. Bxc6 bxc6 5. d3 Bg7 6. Nf3 Nf6 7. 0-0 0-0 8. h3 d6 9. Bd2 Ba6 10. b3 Ne8 11. Re1 Nc7 12. Rc1 Ne6 13. Ne2 Nd4 14. Nexd4 cxd4 15. e5 dxe5 16. Nxe5 Qd5 17. f4 f6 18. Nf3 e5 19. fxe5 fxe5 20. Qe2 Rae8 21. Ng5 Bc8 22. Ne4 a5 23. a4 h6 24. Rf1 Bf5 25. Rce1 g5 26. Qh5 Bxe4 27. Rxe4 Rxf1+ 28. Kxf1 Rf8+ 29. Kg1 Qc5 30. Qd1 Kh7 31. h4 Kg6 32. Rg4 Rf5 33. Re4 Bf8 34. Be1 Bd6 35. Qe2 Bc7 36. Bg3 Bd6 37. Bh2 h5 38. g4 hxg4 39. Rxg4 Qd5 40. Bg3 Bc7 41. Re4 Qc5 42. Rg4 Qd5 43. Qg2 Kh6 44. Qh3 Kg6 45. Rxg5+ Rxg5 46. hxg5 Kxg5 47. Bh4+ Kg6 48. Qg4+ Kf7 49. Qf5+ Ke8 50. Qc8+ Bd8 51. Bxd8 Qxd8 52. Qxc6+ Kf7 53. Qc4+ Kg7 54. Kf1 Qf6+ 55. Ke2 Qg5 56. Qc7+ Kh8 57. Qxa5 Qg4+ 58. Kd2 Qf4+ 59. Kd1 Qf1+ 60. Qe1 Qf3+ 61. Kc1 Qf4+ 62. Kb2 Qf6 63. Qe4 Qd6 64. a5 Qc7 65. a6 1-0

[Event "Calvia Autonomicas-chT"]
[Site "Calvia"]
[Date "2007.05.05"]
[Round "4"]
[White "Escobar Felix, Eduardo"]
[Black "Gelabert Mari, Llorenc"]
[Result "1/2-1/2"]
[WhiteElo "2142"]
[BlackElo "2085"]
[PlyCount "139"]
[EventDate "2007.05.03"]
[EventType "team-tourn"]
[EventRounds "5"]
[EventCountry "ESP"]
[SourceTitle "CBM 118 Extra"]
[Source "ChessBase"]
[SourceDate "2007.07.04"]
[SourceVersion "1"]
[SourceVersionDate "2007.07.04"]
[SourceQuality "1"]

1. e4 b6 2. f4 Bb7 3. Nc3 e6 4. Nf3 Bb4 5. d3 d5 6. exd5 Bxd5 7. Be2 Nf6 8. 0-0 Bb7 9. Kh1 Nbd7 10. Ne5 Bd6 11. Nc4 0-0 12. Bf3 Bxf3 13. Qxf3 Re8 14. Ne4 Qe7 15. Bd2 Rad8 16. Rae1 Qf8 17. Qg3 Nxe4 18. Rxe4 Nf6 19. Re2 Bb4 20. Bc1 Bd6 21. Ne5 Nd5 22. Rf3 Ne7 23. Qh3 Ng6 24. Qh5 Ne7 25. Rh3 h6 26. g4 f6 27. Nc4 Qf7 28. Nxd6 cxd6 29. Qxf7+ Kxf7 30. Rhe3 e5 31. f5 Nc6 32. c3 d5 33. Kg2 b5 34. h4 Rc8 35. Bd2 Red8 36. Rf3 Rd7 37. g5 hxg5 38. hxg5 Rh8 39. g6+ Ke7 40. Rh3 Rxh3 41. Kxh3 Rd8 42. Kg3 Rh8 43. Rh2 Rxh2 44. Kxh2 Kd6 45. Kg3 d4 46. cxd4 Nxd4 47. Kg4 Kd5 48. Bh6 Kd6 49. Bxg7 Ke7 50. Bh6 Nc2 51. Bd2 Kf8 52. Kf3 Kg7 53. a3 Nd4+ 54. Ke4 Ne2 55. Kd5 Nd4 56. Ke4 Ne2 57. Be1 a5 58. Bf2 b4 59. a4 Nc3+ 60. Kf3 Nxa4 61. b3 Nb2 62. Ke4 a4 63. bxa4 Nxa4 64. d4 Nc3+ 65. Kd3 exd4 66. Bxd4 Nd5 67. Ke4 Ne7 68. Bc5 b3 69. Bd4 Nxg6 70. fxg6 1/2-1/2

[Event "Calvia Autonomicas-chT"]
[Site "Calvia"]
[Date "2007.05.04"]
[Round "2"]
[White "Escobar Felix, Eduardo"]
[Black "Fluvia Poyatos, Jordi"]
[Result "1/2-1/2"]
[WhiteElo "2142"]
[BlackElo "2478"]
[PlyCount "69"]
[EventDate "2007.05.03"]
[EventType "team-tourn"]
[EventRounds "5"]
[EventCountry "ESP"]
[SourceTitle "CBM 118 Extra"]
[Source "ChessBase"]
[SourceDate "2007.07.04"]
[SourceVersion "1"]
[SourceVersionDate "2007.07.04"]
[SourceQuality "1"]

1. e4 d6 2. d4 Nf6 3. Nc3 g6 4. Nf3 Bg7 5. Be2 0-0 6. 0-0 c6 7. a4 Nbd7 8. h3 Qc7 9. Be3 b6 10. Qd2 Re8 11. Rad1 a6 12. e5 Nd5 13. exd6 exd6 14. Nxd5 cxd5 15. Bd3 Nf6 16. Qb4 Ne4 17. Bf4 Qc6 18. Rfe1 Bd7 19. b3 h6 20. c4 Bf5 21. cxd5 Qxd5 22. Nh4 a5 23. Qb5 Qxb5 24. Bxb5 Red8 25. Bc6 Ra7 26. Bxe4 Bxe4 27. Rxe4 d5 28. Re2 g5 29. Bxg5 hxg5 30. Nf5 Rc7 31. Nxg7 Kxg7 32. Rd3 Rd6 33. Kh2 Kg6 34. g4 Rdc6 35. Kg3 1/2-1/2

[Event "Extremadura-chT"]
[Site "Spain"]
[Date "2007.01.27"]
[Round "2.2"]
[White "Escobar Felix, Eduardo"]
[Black "Gomez Torre, Jose Ramon"]
[Result "1/2-1/2"]
[WhiteElo "2162"]
[BlackElo "1999"]
[PlyCount "85"]
[EventDate "2007.01.20"]
[EventType "team-swiss"]
[EventRounds "7"]
[EventCountry "ESP"]
[SourceTitle "EXT 2011"]
[Source "ChessBase"]
[SourceDate "2010.11.26"]
[SourceVersion "1"]
[SourceVersionDate "2010.11.26"]
[SourceQuality "1"]
[WhiteTeam "Cuna Ajoblanco"]
[BlackTeam "La Galeria"]
[WhiteTeamCountry "ESP"]
[BlackTeamCountry "ESP"]

1. e4 d5 2. exd5 Qxd5 3. Nc3 Qa5 4. d4 Nf6 5. Nf3 Bg4 6. h3 Bh5 7. g4 Bg6 8. Ne5 c6 9. h4 Nbd7 10. Nc4 Qc7 11. h5 Be4 12. Nxe4 Nxe4 13. Qf3 Nd6 14. g5 e5 15. Bd2 Nxc4 16. Bxc4 Nb6 17. Bd3 exd4 18. 0-0-0 0-0-0 19. Bf5+ Kb8 20. Bf4 Bd6 21. Rxd4 Bxf4+ 22. Qxf4 Rxd4 23. Qxd4 Rd8 24. Qg4 g6 25. Bd3 Qe5 26. Qg3 Qxg3 27. fxg3 Kc7 28. Rf1 Rd7 29. g4 a5 30. b3 Kd6 31. Kd2 Ke7 32. Ke3 Nd5+ 33. Kf3 Nc7 34. Re1+ Ne6 35. Bc4 Rd2 36. hxg6 hxg6 37. Bd3 Kd6 38. Rh1 Nxg5+ 39. Kf4 Ne6+ 40. Ke3 Rg2 41. Kf3 Rd2 42. Ke3 Rg2 43. Kf3 1/2-1/2

[Event "Extremadura-chT"]
[Site "Spain"]
[Date "2006.03.04"]
[Round "5"]
[White "Lopez Perez, Angel Luis"]
[Black "Escobar Felix, Eduardo"]
[Result "0-1"]
[WhiteElo "1990"]
[BlackElo "2168"]
[PlyCount "62"]
[EventDate "2006.02.04"]
[EventType "team"]
[EventRounds "9"]
[EventCountry "ESP"]
[SourceTitle "EXT 2007"]
[Source "ChessBase"]
[SourceDate "2006.11.23"]
[SourceVersion "1"]
[SourceVersionDate "2006.11.23"]
[SourceQuality "1"]

1. e4 c5 2. Nf3 g6 3. d4 cxd4 4. Nxd4 Bg7 5. Be3 Nc6 6. Nc3 Nf6 7. Be2 0-0 8. Qd2 d5 9. exd5 Nxd5 10. Nxc6 bxc6 11. Nxd5 cxd5 12. c3 Qa5 13. 0-0 Rd8 14. Rfd1 e5 15. c4 Qxd2 16. Rxd2 d4 17. f4 e4 18. Kh1 Be6 19. Rad1 d3 20. c5 Rdb8 21. Bf1 Rxb2 22. Rxb2 Bxb2 23. Rb1 Bc3 24. a4 a5 25. c6 Rc8 26. Rb6 Bd5 27. Bc5 Bxc6 28. Rb3 Bf6 29. Bb6 Bxa4 30. Ra3 Rc1 31. Kg1 d2 0-1